000 00405nam a22001577a 4500
005 20251108175620.0
008 250721s2019 xx 000 0 eng d
082 1 4 _aJ/F/ADV
245 1 0 _aADVENTURE STORIES /
264 1 _aبيروت :
_bHome applied training,
_c2019.
300 _a127P.
650 1 7 _aFICTION
653 _aناشئون صغار (10-14)سنه
942 _2ddc
_cBK
999 _c138327
_d138327